Statistics for 新潟駅から出ている鉄道の行先 (remake)

Click here to take the quiz!

General Stats

  • This quiz has been taken 52 times
  • The average score is 14 of 23

Answer Stats

Answer% Correct
東京
100%
越後湯沢
96%
長岡
90%
新津
83%
新発田
83%
柏崎
81%
酒田
79%
秋田
77%
直江津
75%
村上
75%
吉田
69%
豊栄
69%
上越妙高
67%
新井
58%
内野
56%
五泉
46%
会津若松
44%
42%
津川
33%
関屋
33%
羽生田
31%
越後曽根
31%
馬下
29%

Score Distribution

Percentile by Number Answered

Percent of People with Each Score

Your Score History

You have not taken this quiz